000 00422nam a2200145Ia 4500
008 230917s9999||||xx |||||||||||||| ||und||
040 _e242709
_aMAIN
041 _aEnglish
082 _a373 S73S
100 _aSarika
245 0 _aStudy of academic achievement in relation to educational aspiration and metacognitive skills among senior secondary school students
260 _c2014
300 _a106 p.
942 _cTH
999 _c127300
_d127300